Bezdôvodné obohatenie v znaleckom dokazovaní

Problematika bezdôvodného obohatenia v súvislosti s úlohou znalca v súdnych sporoch týkajúcich sa danej problematiky. Bezdôvodné obohatenie v právnych normách. Určenie výšky bezdôvodného obohatenia vo vybraných rozsudkoch. Modelový prípad určenia výšky bezdôvodného obohatenia.

Salvato in:
Dettagli Bibliografici
Autore principale: Rybárová, Daniela, 1967-
Natura: Capitolo di libro
Lingua:slovacco
Soggetti:
Tags: Aggiungi Tag
Nessun Tag, puoi essere il primo ad aggiungerne!!

MARC

LEADER 00000naa$a2200000$$$4500
001 0258323
005 20240502074105.9
041 0 |a slo 
044 |a SK 
245 1 0 |a Bezdôvodné obohatenie v znaleckom dokazovaní  |c Daniela Rybárová 
520 |a Problematika bezdôvodného obohatenia v súvislosti s úlohou znalca v súdnych sporoch týkajúcich sa danej problematiky. Bezdôvodné obohatenie v právnych normách. Určenie výšky bezdôvodného obohatenia vo vybraných rozsudkoch. Modelový prípad určenia výšky bezdôvodného obohatenia. 
610 2 0 |a znalci 
610 2 0 |a činnosť trestná 
610 2 0 |a legislatíva 
610 2 0 |a ceny 
100 1 |a Rybárová, Daniela, 1967-